1327 1013 1867 1697 1320 1494 1303 1060 1168 1775 1229 1231 1814 1302 1753 1293 1736 1342 1201 1318 1529 1897 1395 1112 1716 1043 1213 1974 1743 1761 1899 1575 1361 1237 1956 1083 1368 1317 1937 1326 1317 1597 1646 1557 1846 1883 1371 1380 1373 1294 1174 1814 1358 1306 1561 1948 1002 1409 1115 1035 1283 1706 1375 1386 1704 1077 1058 1421 1022 1712 1359 1462 1203 1008 1837 1279 1963 1774 1071 1086 1841 1654 1055 1316 1802 1662 1687 1523 1995 1208 1576 1951 1472 1876 1885 1319 1126 1625 1047 BCNSPRNW ULIB Ver.6.0+V

เปลี่ยนเป็นภาษาไทย

Change to English
 แสดงรายละเอียดบรรณานุกรม
  กลับหน้าหลัก

Brief Record : Get Marc (ISO 2709) : E-mail record : QR code < ปิดหน้าต่าง
LEADER : 00000nas 2200000uu 4500
001    13399125628
003     ULIB
008    170712s||||||||th 000 0 tha d
022 0  ^a1906649x
110 1  ^aวารสารวิชาการ โรงพยาบาลเชียงรายประชานุเคราะห์
245 00 ^aเชียงรายเวชสาร^cโรงพยาบาลเชียงรายประชานุเคราะห์
260    ^aเชียงราย ;^bโรงพยาบาลเชียงรายประชานุเคราะห์,^cม.ป.ป.
310    ^aราย 6 เดือน
850 ^a ULIB^bฉบับที่ 2 ปีที่ 7 ฉ.1 ;ฉบับที่ 2 ปีที่ 8 ฉ.1 ;ฉบับที่ 1 ปีที่ 9 ฉ.1 ;ฉบับที่ 2 ปีที่ 9 ฉ.1 ;ฉบับที่ 1 ปีที่ 9 ฉ.1 ;ฉบับที่ 2 ปีที่ 11 ฉ.1
945    ^p0^l0^i904540
945    ^p0^l0^i904541
945    ^p0^l0^i904818
945    ^p0^l0^i904900
945    ^p0^l0^i905512
945    ^p0^l0^i905513
999    ^aประนอม เกษจรัล
รายการนี้ยังไม่มีแท็ก
คุณยังไม่ได้ล็อกอิน คุณสามารถมีกิจกรรมร่วมกับเว็บไซต์ได้ แต่ต้องล็อกอินก่อน ::
  ล็อกอิน

รายการสื่อสารสนเทศ (วารสาร)

ดูแบบ: กล่อง รายการ
ARRIVED
ฉบับที่ 2 ปีที่ 9 ฉ.1
สถานที่: ห้องสมุดวิทยาเขตสวรรค์ประชารักษ์ >วารสาร
ARRIVED
ฉบับที่ 2 ปีที่ 7 ฉ.1
สถานที่: ห้องสมุดวิทยาเขตสวรรค์ประชารักษ์ >หนังสือพิมพ์
ARRIVED
ฉบับที่ 2 ปีที่ 8 ฉ.1
สถานที่: ห้องสมุดวิทยาเขตสวรรค์ประชารักษ์ >หนังสือพิมพ์
ARRIVED
ฉบับที่ 1 ปีที่ 9 ฉ.1
สถานที่: ห้องสมุดวิทยาเขตสวรรค์ประชารักษ์ >วารสาร
ARRIVED
ฉบับที่ 2 ปีที่ 11 ฉ.1
สถานที่: ห้องสมุดวิทยาเขตสวรรค์ประชารักษ์ >วารสาร

BibComment


ยังไม่เคยถูกคอมเมนท์

คอมเมนท์ทรัพยากรรายการนี้
  คอมเมนท์: เชียงรายเวชสาร โ..


 Copyright 2026. Bcnsprnw @Library